000 00498nam a2200193 a 4500
001 4081
003 CO-ViMGA
008 141112s2004 ck r 000 u spa d
040 _aCO-ViMGA
_bspa
_cCO-ViMGA
082 _a746.6 V715
100 1 _aVrande, Let Van de
_95093
245 1 0 _aTeñido artesanal
260 _aBarcelona :
_bCEAC,
_c1988
300 _a139 p : il
490 _aEnciclopedia CEAC de las artesanías
650 1 4 _aARTESANIAS
_94191
650 1 4 _aTEÑIDO
_95094
942 _2ddc
_cBK
999 _c10612
_d10612